| 000 -LEADER | |
|---|---|
| fixed length control field | 00428nam a22001577a 4500 |
| 005 - DATE AND TIME OF LATEST TRANSACTION | |
| control field | 20260226155412.0 |
| 008 - FIXED-LENGTH DATA ELEMENTS--GENERAL INFORMATION | |
| fixed length control field | 260226b |||||||| |||| 00| 0 eng d |
| 041 ## - LANGUAGE CODE | |
| Language code of text/sound track or separate title | eng |
| 082 ## - DEWEY DECIMAL CLASSIFICATION NUMBER | |
| Classification number | 615.538 RAY-S |
| 100 ## - MAIN ENTRY--AUTHOR NAME | |
| Personal name | RAY,P , GUPTA, H.N AND ROY .M |
| 245 ## - TITLE STATEMENT | |
| Title | SUSRUTA SAMHITA -( A SCIENTIFIC SYNOPSIS) |
| 260 ## - PUBLICATION, DISTRIBUTION, ETC. (IMPRINT) | |
| Place of publication | NEW DELHI |
| Name of publisher | INDIAN NATIONAL SCIENCE ACADEMY |
| Year of publication | 1993 |
| 300 ## - PHYSICAL DESCRIPTION | |
| Number of Pages | 459;p |
| 650 ## - SUBJECT ADDED ENTRY--TOPICAL TERM | |
| Topical Term | BGP |
| 942 ## - ADDED ENTRY ELEMENTS (KOHA) | |
| Koha item type | Books |
| Lost status | Damaged status | Home library | Current library | Shelving location | Date acquired | Source of acquisition | Full call number | Accession Number | Koha item type |
|---|---|---|---|---|---|---|---|---|---|
| JRU Library | JRU Library | KAUTILYA BOOK SANGRAH | 21/02/2026 | PURCHASE | 615.538 RAY-S | 29273 | Books |